LEADER 01070nam a2200241 i 4500 001 000000138753 003 CaOOAMICUS 005 20050510000000.0 008 050510s1978 it u000 u ita u 013 $a112708 040 $aSeMil$bita 100 1 $aDuhem, Pierre,$d<1861-1916>.$0(OLS)http://semarc/name/22094 245 13$aLa verità degli eretici :$bCritica e storia della conoscenza /$cPierre Duhem ... [et al.] ; A cura di Pietro Redondi. 260 $aMilano :$bIl Saggiatore,$c1978. 300 $a227 p. ;$c20 cm. 500 $aContiene : Bibliografia critica. 650 4$aEpistemologia filosofica - Sec. 20.$0(OLS)http://semarc/subject/27274 700 1 $aRedondi, Pietro,$d<1950- >.$0(OLS)http://semarc/name/56145 850 $aSeMil 852 $aSeMil$W1$xVenegono$y1$m68 38 14 *$j92232$B92232$CSeMilBibl$Z2$F97391 $81 961 $aLascito: Corradi mons. Enrico 996 $6245$aLa verità degli eretici :$bCritica e storia della conoscenza$9(OLS)http://semarc/title/202852 996 $6260$aMilano :$bIl Saggiatore$9(OLS)http://semarc/publisher/30255 LEADER 01521nam a2200349 i 4500 001 000000178527 003 CaOOAMICUS 005 20090612000000.0 008 090612s1997 it u000 u ita u 013 $a156100 020 $a88-311-9511-5 040 $aSeMil$bita 100 0 $aAugustinus, Aurelius,$c.$0(OLS)http://semarc/name/498 245 13$aLa città di Dio /$cSant' Agostino ; introduzione di Antonio Pieretti ; traduzione e note di Domenico Gentili ; indici di Franco Monteverde. 260 $aRoma :$bCittà Nuova,$c1997. 300 $aLXXIV, 1372 p. ;$c21 cm. 490 0 $aBiblioteca grandi autori 650 4$aAgostino, Aurelio . De civitate Dei.$0(OLS)http://semarc/subject/2094 700 1 $aMonteverde, Franco <1933- >.$0(OLS)http://semarc/name/8459 700 1 $aGentili, Domenico.$0(OLS)http://semarc/name/15737 700 1 $aPieretti, Antonio <1940- >.$0(OLS)http://semarc/name/363 830 0$aBiblioteca grandi autori.$0(OLS)http://semarc/title/28437 850 $aSeMil 852 $aSeMil$W1$xVenegono$y1$m2S II 309$j129300$B129300$CSeMilBibl$Z2$F142357 $81 900 1 $aAgostino : d'Ippona. 900 1 $aSant'Agostino. 961 $aOmaggio: Giuliani don Angelo 996 $6020$a88-311-9511-5$9(OLS)http://semarc/number/167544 996 $6245$aLa città di Dio$9(OLS)http://semarc/title/28892 996 $6260$aRoma :$bCittà Nuova$9(OLS)http://semarc/publisher/29609